| 000 | 00000nam 2200000zi 4500 |
| 001 | 9.945576 |
| 003 | CaOODSP |
| 005 | 20241126132438 |
| 006 | m o d f |
| 007 | cr mn||||||||| |
| 008 | 241126e19921116onc or f001 0 fre d |
| 040 | |aCaOODSP|bfre|erda|cCaOODSP |
| 043 | |an-cn--- |
| 086 | 1 |aCo22-772/1992F-PDF |
| 245 | 00|aProjet pilote de gestion des renseignements détenus par le gouvernement à la DGCP et DPR / |cpréparé par la DGAT et la DGIM en collaboration avec la DGCP et la DPR. |
| 246 | 14|aCatalogue d'inventaire des ressources d'information |
| 264 | 1|a[Ottawa] : |bCommunications Canada, |c16 novembre 1992. |
| 300 | |a1 ressource en ligne (37 pages non numérotées, 60 pages, 1 page non numérotée) |
| 336 | |atexte|btxt|2rdacontent/fre |
| 337 | |ainformatique|bc|2rdamedia/fre |
| 338 | |aressource en ligne|bcr|2rdacarrier/fre |
| 500 | |aPublié aussi en anglais sous le titre : Pilot project in management of government information holdings conducted in DGCP and DPR. |
| 500 | |aComprend des index. |
| 500 | |aÉdition numérisée de l'imprimé [par Innovation, sciences et développement économique Canada]. |
| 650 | 6|aAdministration publique|zCanada|xServices d'information|vRépertoires. |
| 650 | 6|aInformation sur l'État|zCanada|xGestion|vRépertoires. |
| 650 | 6|aArchives publiques|zCanada|xGestion|vRépertoires. |
| 655 | 7|aRépertoires|2rvmgf |
| 710 | 1 |aCanada. |bCommunications Canada, |eorganisme de publication. |
| 775 | 08|tPilot project in management of government information holdings conducted in DGCP and DPR / |w(CaOODSP)9.939812 |
| 856 | 40|qPDF|s1.83 Mo|uhttps://publications.gc.ca/collections/collection_2024/isde-ised/co22/Co22-772-1992-fra.pdf |